| 000 | 00377nam a22001337a 4500 | ||
|---|---|---|---|
| 005 | 20200604103541.0 | ||
| 008 | 200604b xxu||||| |||| 00| 0 eng d | ||
| 082 | _a345.4 | ||
| 110 |
_aThe All India Reporter _95778 |
||
| 245 | _aThe All India Reporter1965 (V-52) SUPRIM COURT Section | ||
| 260 |
_aBOMBAY _bThe All India Reporter Ltd. _c1965 |
||
| 650 |
_aLAW _95701 |
||
| 942 | _cJRL | ||
| 999 |
_c6802 _d6800 |
||